000 00730nam a2200277Ia 4500
005 20260324133921.0
008 008 260324s9999 xx 000 0 eng d
020 _a9780203989371
037 _aEBOOK
040 _aCRL
040 _beng
040 _cCRL
041 _2eng
041 _aeng
084 _qCRL
100 _aJulian Lob Levyt; Rachel Jenkins; Lynne Friedli; Camilla Parker; Andrew McCulloch; David Goldberg
_91194871
245 0 _aDeveloping a National Mental Health Policy
260 _bTaylor and Francis
260 _c2002
365 _a
365 _b62.99
856 _uhttp://www.taylorfrancis.com/books/9780203989371
942 _cEBOOK
999 _c1794427
_d1794427